| 000 | 00000nam##2200000za#4500 |
| 001 | 9.637840 |
| 003 | CaOODSP |
| 005 | 20210624221411 |
| 007 | cr ||||||||||| |
| 008 | 150407|2010||||xxc|||||o f|0| 0 fre|d |
| 020 | |a978-1-100-95230-7 |
| 040 | |aCaOODSP|bfre |
| 043 | |an-cn--- |
| 086 | 1 |aT29-79/2010F-PDF |
| 110 | 1 |aCanada. |bTransports Canada. |
| 245 | 10|aDemande de permis d'embarcation de plaisance / |h[ressource électronique]|c[publié par le] Bureau de la sécurité nautique. |
| 260 | |aOttawa - Ontario : |bTransports Canada |cc2010. |
| 300 | |a3p. |
| 590 | |a11-09|b2011-03-04 |
| 691 | 07|aBateau de plaisance|2gcpds |
| 775 | 08|tApplication for pleasure craft licence / |w(CaOODSP)9.693665 |
| 776 | 0#|tApplication for pleasure craft licence / |w(CaOODSP)9.672401 |
| 776 | 0#|tDemande de permis d'embarcation de plaisance / |w(CaOODSP)9.672402 |
| 856 | 40|ahttp://publications.gc.ca|qPDF|s1633 Ko|uhttps://publications.gc.ca/collections/collection_2011/tc/T29-79-2010-fra.pdf |
| 986 | |aTP 15049F |